header

Augustine and the disciplines (Record no. 22341)

MARC details
000 -LEADER
fixed length control field 01450nam a2200373 a 4500
082 04 - DEWEY DECIMAL CLASSIFICATION NUMBER
Classification number 230.041
245 00 - TITLE STATEMENT
Title Augustine and the disciplines
260 ## - PUBLICATION, DISTRIBUTION, ETC. (IMPRINT)
Place of publication Oxford ;
-- New York :
Name of publisher Oxford University Press,
Year of publication 2005.
300 ## - PHYSICAL DESCRIPTION
Number of Pages xi, 258 p.
650 #0 - SUBJECT ADDED ENTRY--TOPICAL TERM
Topical Term Church history
700 1# - ADDED ENTRY--PERSONAL NAME
Personal name Pollmann, Karla.
Personal name Vessey, Mark.
856 40 - ELECTRONIC LOCATION AND ACCESS
Uniform Resource Identifier http://site.ebrary.com/lib/rucke/Doc?id=10271651

No items available.

© 2026 Rongo University
Contact us: librarian | system librarian | Rongo university